Coupe du Monde de Football: Autriche - Statistiques

Statistiques générales
  • Ce quiz a été pris 109 fois
  • Le résultat moyen est 17 sur 20
Statistiques - réponses
Réponse % Correct
Italie
99%
Brésil
97%
France
97%
RFA
97%
Allemagne
96%
URSS
92%
Espagne
90%
Suisse
90%
Uruguay
90%
Angleterre
89%
Pays-Bas
89%
Suède
89%
Hongrie
85%
Etats-Unis
84%
Algérie
82%
Cameroun
79%
Chili
79%
Tchécoslovaquie
75%
Ecosse
68%
Irlande du Nord
62%
Aucun quiz correspondant
Distribution des résultats
% des personnes avec chaque résultat
Percentile par nombre de réponses
Votre historique - résultats
Vous n’avez pas pris ce quiz